| 000 | 00473cam a2200193 04500 | ||
|---|---|---|---|
| 001 | 27845 | ||
| 090 | _a27845 | ||
| 100 | _a19870201d1978 m y0frey50 ba | ||
| 101 | 0 | _apor | |
| 102 | _aPT | ||
| 200 | 1 |
_aUma família inglesa _fJúlio Dinis |
|
| 205 | _a1ª ed. | ||
| 210 |
_aBarcelos _cLivraria Figueirinha _d1968 |
||
| 215 |
_a367 p.[1] _d20 cm |
||
| 606 |
_9273 _aROMANCE |
||
| 675 |
_a821.134.3-31"18" _vBN _zpor |
||
| 700 | 1 |
_aDinis, _bJúlio, |
|
| 801 | 0 |
_aPT _bBN _gRPC |
|
| 990 | _cLIVROS | ||